Los trabajadores temporales (Record no. 111077)

MARC details
000 -LEADER
campo de control de longitud fija 00707nam a2200193 4500
001 - NÚMERO DE CONTROL
campo de control 111077
003 - IDENTIFICADOR DE NÚMERO DE CONTROL
campo de control ES-MaACL
005 - FECHA Y HORA DE LA ÚLTIMA TRANSACCIÓN
campo de control 20250809044417.0
007 - CAMPO FIJO DE DESCRIPCIÓN FÍSICA--INFORMACIÓN GENERAL
campo de control de longitud fija t|
008 - DATOS DE LONGITUD FIJA--INFORMACIÓN GENERAL
campo de control de longitud fija 061121s1973 sp r ||||1| spa d
100 1# - ENTRADA PRINCIPAL--NOMBRE DE PERSONA
Nombre de persona Ojeda Avilés, Antonio.
9 (RLIN) 86611
245 14 - MENCIÓN DEL TÍTULO
Título Los trabajadores temporales
Resto del título : (problemas jurídicos en eventuales, interinos y temporeros en derecho español) /
Mención de responsabilidad, etc. Antonio Ojeda Avilés.
260 ## - PUBLICACIÓN, DISTRIBUCIÓN, ETC.
Lugar de publicación, distribución, etc. Sevilla :
Nombre del editor, distribuidor, etc. Universidad,
Fecha de publicación, distribución, etc. 1973.
300 ## - DESCRIPCIÓN FÍSICA
Extensión XIX, 301 p. ;
Dimensiones 25 cm.
490 1# - MENCIÓN DE SERIE
Mención de serie Anales universidad hispalense : serie derecho ;
Designación de volumen o secuencia nº 17
830 0# - PUNTO DE ACCESO ADICIONAL DE SERIE-TÍTULO UNIFORME
Título uniforme Anales Universidad Hispalense. Derecho
Designación de volumen o secuencia nº 17
9 (RLIN) 182989
852 ## - LOCALIZACIÓN
Ubicación ES-MaACL
Número de control de estantería C-55914
Sublocalización o colección R.88673
Holdings
Estatus retirado Estado de pérdida Estado de daño No para préstamo Biblioteca de origen Biblioteca actual Ubicación en estantería Fecha de adquisición Fuente de adquisición Total de préstamos Signatura topográfica completa Código de barras Visto por última vez Precio de reemplazo Tipo de ítem Koha
        Biblioteca del Ateneo de Madrid Biblioteca del Ateneo de Madrid Depósito 2 17/01/2008     C-55914 1115889 23/02/2023 23/02/2023 Libro impreso